| 000 | 01243nam a2200337Ia 4500 | ||
|---|---|---|---|
| 000 | nam a22 i 4500 | ||
| 001 | UNACH-9074 | ||
| 007 | ta | ||
| 008 | 221212s ||||fr|||| 00| | spa d | ||
| 020 | _a978-6-07-150931-4 | ||
| 041 | 0 | _aspa | |
| 082 | 0 | 4 |
_a354.3 _bAdministración del medio ambiente y de los recursos naturales |
| 100 | 1 |
_aKoontz, Harold, _eautor |
|
| 245 | 1 | 0 |
_aElementos de Administración : _bUn enfoque internacional y de innovación |
| 250 | _a8a.ed | ||
| 264 | 3 | 1 |
_aMéxico : _bMc Graw-Hill Educación, _c2013 |
| 300 |
_a457 páginas : _bgráficos, tablas, diagramas |
||
| 336 |
_atexto _btxt _2rdacontent |
||
| 337 |
_ano mediado _bn _2rdamedia |
||
| 338 |
_avolumen _bnc _2rdacarrier |
||
| 504 | _aIncluye: índice de contenido, glosario, índice onomástico, índice analítico. | ||
| 505 | 0 | _aEl fundamento de la teoría y la práctica de la administración global.-- Planeación.-- Organización.-- Integración de personal.-- Dirección.-- Control. | |
| 650 | 1 | 4 | _aADMINISTRACIÓN |
| 650 | 2 | 4 | _aADMINISTRACION GLOBAL |
| 650 | 2 | 4 | _aLIDERAZGO |
| 650 | 2 | 4 | _aVENTAJAS DESVENTAJAS DE ADMINISTRACION |
| 653 | 0 | _aADMINISTRACION | |
| 700 | 1 |
_aWeihrich, Heinz, _eautor |
|
| 942 |
_2ddc _c1 _n0 |
||
| 999 |
_c7343 _d7343 |
||